Убить чужого. Сборник произведений звезд русской фантастики; Чоза грибы; Мы работаем за деньги; Время разбрасывать камень; Аська; Зеленые нечеловечки; Трудно одержать поражение; Скверна; Заколдованный сектор; Сказка о трусливом портняжке; Дипломатический вопрос; Четыре пилота; Одинокий рыцарь; Леннарт из Гренграса
| Other Authors: | |
|---|---|
| Summary: | «Еврокон» — традиционная конференция профессионалов и любителей фантастики всей Европы. В 2008 году этот престижный форум впервые пройдет в России. Тринадцать самых популярных русских фантастов приняли предложение участвовать в проекте, посвященном этому уникальному событию. Сначала каждый из них написал рассказ на любимую читателями тему — «Убить Чужого». После чего создал отповедь одному из ксенофобских текстов, со всей толерантностью пытаясь «Спасти Чужого». В результате творческого соревнования авторов появился двухтомник, одну из книг которого мы предлагаем вашему вниманию. |
| Language: | Russian |
| Published: |
Москва, Эксмо, 2008
|
| TOC: | Чоза грибы; Мы работаем за деньги; Время разбрасывать камень; Аська; Зеленые нечеловечки; Трудно одержать поражение; Скверна; Заколдованный сектор; Сказка о трусливом портняжке; Дипломатический вопрос; Четыре пилота; Одинокий рыцарь; Леннарт из Гренграса; |
| Subjects: | |
| Format: | Book |
| KOHA link: | https://koha.lib.tpu.ru/cgi-bin/koha/opac-detail.pl?biblionumber=143491 |
MARC
| LEADER | 00000nam0a2200000 4500 | ||
|---|---|---|---|
| 001 | 143491 | ||
| 005 | 20231031143235.0 | ||
| 010 | |a 9785699274970 | ||
| 035 | |a (RuTPU)RU\TPU\book\155498 | ||
| 090 | |a 143491 | ||
| 100 | |a 20080919d2008 m y0rusy50 ca | ||
| 101 | 0 | |a rus | |
| 102 | |a RU | ||
| 105 | |a y z 000zy | ||
| 200 | 1 | |a Убить чужого. Сборник произведений звезд русской фантастики |f сост. А. Синицын | |
| 210 | |a Москва |c Эксмо |d 2008 | ||
| 215 | |a 480 с. | ||
| 330 | |a «Еврокон» — традиционная конференция профессионалов и любителей фантастики всей Европы. В 2008 году этот престижный форум впервые пройдет в России. Тринадцать самых популярных русских фантастов приняли предложение участвовать в проекте, посвященном этому уникальному событию. Сначала каждый из них написал рассказ на любимую читателями тему — «Убить Чужого». После чего создал отповедь одному из ксенофобских текстов, со всей толерантностью пытаясь «Спасти Чужого». В результате творческого соревнования авторов появился двухтомник, одну из книг которого мы предлагаем вашему вниманию. | ||
| 464 | |t Чоза грибы | ||
| 464 | |t Мы работаем за деньги | ||
| 464 | |t Время разбрасывать камень | ||
| 464 | |t Аська | ||
| 464 | |t Зеленые нечеловечки | ||
| 464 | |t Трудно одержать поражение | ||
| 464 | |t Скверна | ||
| 464 | |t Заколдованный сектор | ||
| 464 | |t Сказка о трусливом портняжке | ||
| 464 | |t Дипломатический вопрос | ||
| 464 | |t Четыре пилота | ||
| 464 | |t Одинокий рыцарь | ||
| 464 | |t Леннарт из Гренграса |a Пехов, Алексей | ||
| 610 | 1 | |a русская литература | |
| 610 | 1 | |a повести | |
| 610 | 1 | |a рассказы | |
| 610 | 1 | |a фантастика | |
| 675 | |a Р2 |v 3 | ||
| 702 | 1 | |a Синицын |b А. |g Андрей |4 220 | |
| 801 | 1 | |a RU |b 63413507 |c 20080919 |g PSBO | |
| 801 | 2 | |a RU |b 63413507 |c 20081017 |g PSBO | |
| 942 | |c BK | ||